000 00961nam a2200217Ia 4500
003 Ost
005 20260507075803.0
008 260507s9999||||xx |||||||||||||| ||und||
040 _cfsecg
041 _aara
082 _a519.5
100 _aالكندري، عبد الله رمضان
_eمؤلف
245 0 _aمبادئ الإحصاء وأساليب التحليل الإحصائي /
_c عبد الله رمضان الكندري
260 _aالكويت :
_bمنشورات ذات السلاسل,
_c1985
300 _bإيضاحات ؛
_c24 سم
504 _aبيبليوغرافيا: ص ص.315-319
520 _aيضم المفاهيم والطرق الإحصائية، المقاييس الاحصائية، العينات واختبارات الفروض الاحصائية ومستويات الدلالة، الكمبيوتر والبحث العلمي.
653 _aالإحصاء
653 _aالإحصاء التحليلي
942 _cكتاب
999 _c46345
_d46345